Food texture and viscosity concept and measurement

Salvato in:
Dettagli Bibliografici
Autore principale: Bourne, Malcolm C
Natura: Libro
Lingua:spagnolo
Pubblicazione: San Diego, California, USA Academic Press 2002
Edizione:Segunda edición
Serie:Food Science and Technology, International Series
Soggetti:
Tags: Aggiungi Tag
Nessun Tag, puoi essere il primo ad aggiungerne!!

MARC

LEADER 00000nam a2200000 a 4500
001 UCI3907
003 CL-VaPUC
005 20250228103032.0
008 071207e20020000US |||||||||||||||||spa|d
999 |c 327937  |d 327935 
020 |a 0121190625 
040 |c Pontificia Universidad Católica de Valparaíso 
082 0 4 |a 664.07 BOU 2002  |2 21 
100 |a Bourne, Malcolm C  |9 407873 
245 1 0 |a Food texture and viscosity concept and measurement 
250 |a Segunda edición 
260 0 3 |a San Diego, California, USA  |b Academic Press  |c 2002 
300 |a 427 páginas 
490 0 |a Food Science and Technology, International Series 
583 |a last modification  |c 20071207 00:00:00  |k Rodrigo Vera 
650 0 |a Alimentación  |9 334197 
650 7 |a TEXTURA  |2 CL-VaPUC  |9 347942 
650 0 |a Viscosidad  |9 260583 
650 7 |a PROPIEDADES FISICO-QUIMICAS  |2 CL-VaPUC  |9 460879 
650 7 |a PROPIEDADES REOLOGICAS  |2 CL-VaPUC  |9 525466 
650 0 |a Análisis de alimentos  |9 361130 
942 |c BK  |2 ddc 
945 |d 20071207 00:00:00  |a rbrito 
952 |0 0  |1 0  |2 ddc  |4 0  |6 664_070000000000000_BOU_2002  |7 0  |8 A  |9 411506  |a BIBALI  |b BIBALI  |c GEN  |d 2019-11-22  |i 4394437  |l 1  |m 1  |o 664.07 BOU 2002  |p 4394437  |r 2025-01-20  |s 2024-10-28  |t 1  |w 2019-11-22  |y BK  |k ALI